000 00399nam a2200181Ia 4500
005 20250603144623.0
008 250603s9999 xx 000 0 und d
020 _a0721668313
050 _aRC 871 .C33/
245 0 _aCampbell's urology
250 _a7th ed.
260 _aPhiladelphia
260 _bSaunders
260 _cc1998
300 _a3432 p
650 _aPhiladelphia
942 _cBK
999 _c39459
_d39459